Normal view
MARC view
Entry Personal Name
001 - CONTROL NUMBER
- control field: 21881
003 - CONTROL NUMBER IDENTIFIER
- control field: OSt
005 - DATE AND TIME OF LATEST TRANSACTION
- control field: 20210208153543.0
008 - FIXED-LENGTH DATA ELEMENTS
- fixed length control field: 210208|| aca||aabn | a|a d
040 ## - CATALOGING SOURCE
- Original cataloging agency: OSt
- Transcribing agency: OSt
100 ## - HEADING--PERSONAL NAME
- Personal name: Collins, M.L. Ruane, S. and Sinfiled. A.
670 ## - SOURCE DATA FOUND
- Source citation: Work cat.: (OSt)514865: Collins, M.L. Ruane, S. and Sinfiled. A. , Introducation taxatin and social policy
